<?xml version="1.0" encoding="UTF-8"?>
<record
    xmlns:xsi="http://www.w3.org/2001/XMLSchema-instance"
    xsi:schemaLocation="http://www.loc.gov/MARC21/slim http://www.loc.gov/standards/marcxml/schema/MARC21slim.xsd"
    xmlns="http://www.loc.gov/MARC21/slim">

  <leader>00723nam a2200157Ia 4500</leader>
  <controlfield tag="008">230720s9999    xx            000 0 und d</controlfield>
  <datafield tag="041" ind1=" " ind2=" ">
    <subfield code="a">mar</subfield>
  </datafield>
  <datafield tag="082" ind1=" " ind2=" ">
    <subfield code="a">342.54</subfield>
    <subfield code="b">&#x91A;&#x94C;&#x927;&#x930;&#x940;</subfield>
  </datafield>
  <datafield tag="100" ind1=" " ind2=" ">
    <subfield code="a">&#x91A;&#x94C;&#x927;&#x930;&#x940; &#x930;&#x93E;.</subfield>
  </datafield>
  <datafield tag="245" ind1=" " ind2=" ">
    <subfield code="a">&#x92D;&#x93E;&#x930;&#x924;&#x93E;&#x91A;&#x947; &#x938;&#x902;&#x935;&#x93F;&#x927;&#x93E;&#x928;</subfield>
    <subfield code="b">&#x938;&#x902;&#x935;&#x93F;&#x927;&#x93E;&#x928; &#x967;&#x966;&#x96B; &#x935;&#x94D;&#x92F;&#x93E; &#x938;&#x941;&#x927;&#x93E;&#x930;&#x923;&#x947;&#x92A;&#x930;&#x94D;&#x92F;&#x902;&#x924; &#x905;&#x926;&#x94D;&#x92F;&#x92F;&#x93E;&#x935;&#x924; ( &#x967;&#x96B; &#x938;&#x92A;&#x94D;&#x91F;&#x947;&#x902;&#x92C;&#x930;, &#x968;&#x966;&#x968;&#x967; &#x92A;&#x930;&#x94D;&#x92F;&#x902;&#x924; &#x92B;&#x947;&#x930;&#x92C;&#x926;&#x932; &#x915;&#x947;&#x932;&#x94D;&#x92F;&#x93E;&#x92A;&#x94D;&#x930;&#x92E;&#x93E;&#x923;&#x947; )</subfield>
  </datafield>
  <datafield tag="260" ind1=" " ind2=" ">
    <subfield code="c">2010</subfield>
    <subfield code="b">&#x91A;&#x94C;&#x927;&#x930;&#x940; &#x932;&#x949; &#x92A;&#x92C;&#x94D;&#x932;&#x93F;&#x936;&#x930;</subfield>
  </datafield>
  <datafield tag="300" ind1=" " ind2=" ">
    <subfield code="a">420</subfield>
  </datafield>
  <datafield tag="365" ind1=" " ind2=" ">
    <subfield code="c">Rs.</subfield>
    <subfield code="b">395</subfield>
  </datafield>
  <datafield tag="700" ind1=" " ind2=" ">
    <subfield code="a">&#x91A;&#x94C;&#x927;&#x930;&#x940; &#x930;&#x93E;.</subfield>
  </datafield>
  <datafield tag="906" ind1=" " ind2=" ">
    <subfield code="d">O:0799525-Apr-2023B:37419-Apr-2023</subfield>
    <subfield code="c">GENRL</subfield>
    <subfield code="b">79</subfield>
  </datafield>
  <datafield tag="999" ind1=" " ind2=" ">
    <subfield code="c">355266</subfield>
    <subfield code="d">355266</subfield>
  </datafield>
  <datafield tag="952" ind1=" " ind2=" ">
    <subfield code="0">0</subfield>
    <subfield code="1">0</subfield>
    <subfield code="2">ddc</subfield>
    <subfield code="4">0</subfield>
    <subfield code="7">0</subfield>
    <subfield code="a">CCEP</subfield>
    <subfield code="b">CCEP</subfield>
    <subfield code="d">2023-04-25</subfield>
    <subfield code="e">Om Book Stall</subfield>
    <subfield code="f">GENRL</subfield>
    <subfield code="g">316.00</subfield>
    <subfield code="i">374</subfield>
    <subfield code="l">1</subfield>
    <subfield code="o">342.54</subfield>
    <subfield code="p">CCEP-BK-64975</subfield>
    <subfield code="r">2024-02-11 00:00:00</subfield>
    <subfield code="s">2023-10-10</subfield>
    <subfield code="t">79</subfield>
    <subfield code="v">395.00</subfield>
    <subfield code="w">2023-04-19</subfield>
    <subfield code="y">BK</subfield>
    <subfield code="z">064975</subfield>
  </datafield>
</record>
